Sound insulation in dwellings (Record no. 115568)

MARC details
000 -LEADER
fixed length control field 00849cam a2200229 4500
001 - CONTROL NUMBER
control field L158889
008 - FIXED-LENGTH DATA ELEMENTS--GENERAL INFORMATION
fixed length control field 051213n2015 000 0 eng u
020 ## - INTERNATIONAL STANDARD BOOK NUMBER
International Standard Book Number 9781848064287
035 ## - SYSTEM CONTROL NUMBER
System control number (Sirsi) u158889
041 0# - LANGUAGE CODE
Language code of text/sound track or separate title eng
050 04 - LIBRARY OF CONGRESS CALL NUMBER
Classification number 693.834 $2 18
100 1# - MAIN ENTRY--PERSONAL NAME
Personal name Timmins, Gary
245 00 - TITLE STATEMENT
Title Sound insulation in dwellings
Remainder of title Part 2
-- New-build
260 ## - PUBLICATION, DISTRIBUTION, ETC.
Place of publication, distribution, etc. London
Name of publisher, distributor, etc. BRE
Date of publication, distribution, etc. 2015
300 ## - PHYSICAL DESCRIPTION
Extent 12p
Dimensions 30cm
490 #0 - SERIES STATEMENT
Series statement BRE Good Building Guide
Volume/sequential designation GG83-2
520 ## - SUMMARY, ETC.
Summary, etc. Provides practical guidance on understanding the requirements of national building regulations concerning the provision of sound insulation in dwellings. Part 2 explains how to provide a reasonable level of sound insulation between new dwellings.
651 #4 - SUBJECT ADDED ENTRY--GEOGRAPHIC NAME
Geographic name United Kingdom
Chronological subdivision
690 ## - LOCAL SUBJECT ADDED ENTRY--TOPICAL TERM (OCLC, RLIN)
Topical term or geographic name as entry element BUILT ENVIRONMENT-CONSTRUCTION DESIGN-ACOUSTICS
700 1# - ADDED ENTRY--PERSONAL NAME
Personal name West, Ian
942 ## - ADDED ENTRY ELEMENTS (KOHA)
Suppress in OPAC 0
Holdings
Withdrawn status Lost status Source of classification or shelving scheme Damaged status Not for loan Home library Current library Shelving location Date acquired Total Checkouts Full call number Barcode Date last seen Copy number Price effective from Koha item type
    Dewey Decimal Classification     London London BRE publications 07/09/2015   BRE 30078828 06/08/2019 1 06/08/2019 Book
    Dewey Decimal Classification     London London BRE publications 27/11/2015   BRE 30078820 06/08/2019 2 06/08/2019 Book